000 00264 a2200097 4500
001 54973
100 _aTheraja, B. L.
245 _aTextbook of electrical technology, 24th Ed
260 _aNew Delhi
_bS. Chand & Co, New Delhi
_c2005
090 _c34065
_d34065
942 _aNUST-CAE
_cMONOGRAPH
_c26742
999 _c290046
_d290046